| 000 | 00960nam0a22002651 4500 | ||
|---|---|---|---|
| 001 | rc\7908 | ||
| 005 | 20250620112635.0 | ||
| 010 |
_a5-09-004624-7 _91425500 |
||
| 035 | _a(NLR Aleph) 005297447 | ||
| 090 |
_a6253879 _c6253879 |
||
| 100 | _a20021204d1993 |||y0rusy50 ca | ||
| 101 | 0 | _arus | |
| 102 | _aRU | ||
| 105 | _aa ||||||||| | ||
| 200 | 1 |
_aАлгебра и начала анализа _eУчеб. для 10-11-х кл. сред. шк. _f[А.Н. Колмогоров, А.М. Абрамов, Ю.П. Дудницын и др.] _gПод ред. А.Н. Колмогорова |
|
| 205 | _a3-е изд. | ||
| 210 |
_aМ. _cПросвещение _d1993 |
||
| 215 |
_a319, [1] с. _cил. _d22 |
||
| 300 | _aАвт. указаны на обороте тит. л. | ||
| 701 | 1 |
_aКолмогоров _bА.Н. _gАндрей Николаевич |
|
| 801 | 0 |
_aRU _bNLR _gpsbo |
|
| 801 | 1 |
_aRU _bELAR _2rusmarc |
|
| 852 |
_aNLR _j92-5/2761 |
||
| 942 | _cBOOK | ||
| 980 | _aNB | ||